000 00386nam a2200157Ia 4500
003 0STCL
008 150530s9999 xx 000 0 und d
040 _aSTCL
_cSTCL
100 _aKhem Sing Gill
245 _aResearch on Dwarf wheats
260 _bIndian Council of Agricultural Research
_c1979
546 _aEnglish
942 _2ddc
_cBK
999 _c35237
_d35237
005 20220125170343.0